| 000 | 01071nam a22001817a 4500 | ||
|---|---|---|---|
| 999 |
_c62461 _d62461 |
||
| 003 | Ge_BSU | ||
| 005 | 20241113120542.0 | ||
| 008 | 241113s1967 ge ||||| |||| 00| 0 geo d | ||
| 041 | _ageo | ||
| 080 | _a611.7(075.8) თ-52 | ||
| 100 |
_aთვალაძე, გიორგი. _923682 |
||
| 245 |
_aადამიანის სხეულის მოძრაობათა ანატომიური ანალიზი : _b[დამხმ. სახელმძღვ. ფიზ. კულტურის ინ-ტის სტუდენტებისათვის] / _cგიორგი თვალაძე, რედ. ელ. ბაგრატიონი. |
||
| 264 |
_aთბილისი : _bგანათლება, _c1967. |
||
| 300 |
_a131 გვ. : _bილ. 3 ფ. ილ. ; _c 22 სმ. |
||
| 653 | _aსაყრდენ-მამოძრავებელი აპარატის ანატომია | ||
| 700 |
_aბაგრატიონი, ელ. _qრედაქტორი _923683 |
||
| 942 |
_2udc _cBK |
||